| 000 | 00842cam a22002415a 4500 | ||
|---|---|---|---|
| 001 | 012284333 | ||
| 005 | 20180321141435.0 | ||
| 008 | 031120t2004 caua fr 001 0 eng d | ||
| 020 | _a1590591259 | ||
| 020 | _a9781590591253 | ||
| 040 |
_aStDuBDS _dUk _dEG-ScBUE _beng |
||
| 082 | 0 | 4 |
_a005.262 _222 _bSAM |
| 100 | 1 | _aSam-Bodden, Brian. | |
| 245 | 1 | 0 |
_aEnterprise Java development on a budget : _bleveraging Java Open Source technologies / _cBrian Sam-Bodden and Christopher Judd. |
| 260 |
_aBerkeley : _bApress ; _aNew York : _bSpringer, _cc.2004. |
||
| 300 |
_axxii, 609 p. : _bill. ; _c24 cm. |
||
| 500 | _aIndex : p. 579-609. | ||
| 650 | 7 |
_aJava (Computer program language) _2BUEsh _93407 |
|
| 650 | 7 |
_aApplication software _xDevelopment. _2BUEsh _94599 |
|
| 653 |
_bGGEN _bCOMSCI _cMarch2018 |
||
| 700 | 1 | _aJudd, Christopher. | |
| 942 | _2ddc | ||
| 999 |
_c26384 _d26356 |
||